000 00332nam a2200145Ia 4500
100 _aSloop/ J.G.
650 _aElectrical Engineering
942 _cBK
654 _aT.V.
245 _aAdvanced colour T.V. Servicing
260 _bD.B.Taraporevala & Sons
_aBombay
_c1979
082 _a621.38
300 _a304
546 _aENGLISH
999 _c24794
_d24794